Catalog

Record Details

Catalog Search



Animal Models in Cardiovascular Research Cover Image E-book E-book

Animal Models in Cardiovascular Research [electronic resource] / by David Gross.

Gross, David. (author.). SpringerLink (Online service) (Added Author).

Record details

  • ISBN: 9780387959627
  • Physical Description: online resource.
  • Publisher: New York, NY : Springer US, 2009.
Subject: Life sciences.
Medicine.
Cardiology.
Animal Physiology.
Life Sciences.
Animal Physiology.
Cardiology.
Biomedicine general.

Electronic resources


LDR 01358nam a22004095i 4500
00111328
003CONS
00520131217151041.0
007cr nn 008mamaa
008100301s2009 xxu| s |||| 0|eng d
020 . ‡a9780387959627 ‡9978-0-387-95962-7
0247 . ‡a10.1007/978-0-387-95962-7 ‡2doi
035 . ‡a(DE-He213)978-0-387-95962-7
050 4. ‡aQP82-82.2
072 7. ‡aPSVD ‡2bicssc
072 7. ‡aSCI070000 ‡2bisacsh
072 7. ‡aSCI056000 ‡2bisacsh
1001 . ‡aGross, David. ‡eauthor.
24510. ‡aAnimal Models in Cardiovascular Research ‡h[electronic resource] / ‡cby David Gross.
264 1. ‡aNew York, NY : ‡bSpringer US, ‡c2009.
300 . ‡bonline resource.
336 . ‡atext ‡btxt ‡2rdacontent
337 . ‡acomputer ‡bc ‡2rdamedia
338 . ‡aonline resource ‡bcr ‡2rdacarrier
347 . ‡atext file ‡bPDF ‡2rda
650 0. ‡aLife sciences.
650 0. ‡aMedicine.
650 0. ‡aCardiology.
650 0. ‡aAnimal Physiology.
65014. ‡aLife Sciences.
65024. ‡aAnimal Physiology.
65024. ‡aCardiology.
65024. ‡aBiomedicine general.
7102 . ‡aSpringerLink (Online service)
7730 . ‡tSpringer eBooks
77608. ‡iPrinted edition: ‡z9780387959610
85640. ‡uhttp://biblioteca.ipicyt.edu.mx:2048/login?url=http://dx.doi.org/10.1007/978-0-387-95962-7 ‡yTexto completo ‡9CONS
950 . ‡aBiomedical and Life Sciences (Springer-11642)
901 . ‡a11328 ‡b ‡c11328 ‡tbiblio ‡sSystem Local

Additional Resources